Library Banner

غدار سندھ (Record no. 75550)

MARC details
000 -LEADER
fixed length control field 00467nam a22001457a 4500
005 - DATE AND TIME OF LATEST TRANSACTION
control field 20150908101626.0
008 - FIXED-LENGTH DATA ELEMENTS--GENERAL INFORMATION
fixed length control field 150908b xxu||||| |||| 00| 0 eng d
040 ## - CATALOGING SOURCE
Transcribing agency PK-LaUMT
082 ## - DEWEY DECIMAL CLASSIFICATION NUMBER
Classification number KHC 954.918
Item number LAI-G
100 ## - MAIN ENTRY--PERSONAL NAME
Personal name لائق زرداری، محمد
245 ## - TITLE STATEMENT
Title غدار سندھ
Remainder of title تاریخ
Statement of responsibility, etc محمد لائق زرداری
260 ## - PUBLICATION, DISTRIBUTION, ETC. (IMPRINT)
Place of publication, distribution, etc حیدرآباد
Name of publisher, distributor, etc سندھ ہسٹاریکل ایند کلچرل سوسائٹی
Date of publication, distribution, etc 1993
300 ## - PHYSICAL DESCRIPTION
Extent 108 ص
942 ## - ADDED ENTRY ELEMENTS (KOHA)
Koha item type Books
Holdings
Withdrawn status Lost status Damaged status Home library Current library Date acquired Full call number Barcode Date last seen Price effective from Koha item type
      UMT Main Campus UMT Main Campus 2015-09-08 KHC 954.918 LAI-G 67843 2015-09-08 2015-09-08 Books